| 000 | 00388nam a2200157Ia 4500 | ||
|---|---|---|---|
| 008 | 230312s9999||||xx |||||||||||||| ||und|| | ||
| 020 | _a81-80027-68-5 | ||
| 082 |
_a621.381 _bGUP-A |
||
| 100 | _aGupta;J.B | ||
| 245 | 0 | _aAnalog Electronic Circuits | |
| 260 |
_bKatson _aIndia _c2011 |
||
| 300 | _a387 | ||
| 546 | _aEng. | ||
| 650 |
_aEngineering _vAnalog Electronic Circuits |
||
| 942 | _cBK | ||
| 999 |
_c7569 _d7569 |
||